000 01344cam a22003735i 4500
999 _c28605
_d28576
001 12995001
003 EG-ScBUE
005 20200825151331.0
008 021107t20032003njua f 001 0 eng d
020 _a0130477311 (pbk.)
020 _a9780130477316
040 _aDLC
_beng
_erda
_cDLC
_dDLC
_dEG-ScBUE
082 0 4 _a005.276
_bBOA
_221
100 1 _aBoardman, Susan,
_eauthor.
245 1 0 _aOracle Web application programming for PL/SQL developers /
_cSusan Boardman [and three other].
264 1 _aUpper Saddle River, New Jersey :
_bPrentice Hall,
_c[2003]
264 4 _cc2003
300 _axx, 745 pages :
_billustrations ;
_c24 cm.
336 _atext
_btxt
_2rdacontent
337 _aunmediated
_bn
_2rdamedia
338 _avolume
_bnc
_2rdacarrier
490 0 _aPrentice hall PTR oracle series
500 _aIncludes index.
630 0 7 _aOracle (Computer file)
_2BUEsh
650 7 _aInternet programming.
_2BUEsh
650 7 _aApplication software
_xDevelopment.
_2BUEsh
650 7 _aPL/SQL (Computer program language)
_2BUEsh
653 _bCOMSCI
_cAugust2020
700 1 _aCaffrey, Melanie,
_eauthor.
700 1 _aMorse, Solomon,
_eauthor.
700 1 _aRosenzweig, Benjamin,
_eauthor.
942 _2ddc
_cBB